000 01047cam a2200133 4500500
005 20260405051032.0
041 _afre
042 _adc
100 1 0 _aPreiss, Axel
_eauthor
245 0 0 _aLa Dissertation littéraire
260 _bArmand Colin,
_c2017.
520 _aLa dissertation littéraire est une épreuve distinctive dans tous les concours et lors du cursus universitaire en lettres. Elle est pourtant peu choisie lorsqu’un autre exercice est proposé car elle semble exigeante et difficile. Le but de ce livre est de permettre aux étudiants de réussir leur dissertation grâce à une méthode et des exemples. Ainsi, la première partie de l’ouvrage explique en détail les étapes de la recherche conceptuelle et de l’écriture, avec des conseils pour la rédaction. Puis la deuxième partie présente une série de dissertations rédigées et de plans détaillés, avec des repères et des commentaires.
856 4 1 _uhttps://shs.cairn.info/la-dissertation-litteraire--9782200617752?lang=fr&redirect-ssocas=7080
999 _c2174863
_d2174864